Online
Catalog

¡Cuba hoy! : (Record no. 20670)

MARC details
000 -CABECERA
campo de control de longitud fija 00812nam a2200229 a 4500
001 - NÚMERO DE CONTROL
campo de control 000021169
005 - FECHA Y HORA DE LA ÚLTIMA TRANSACCIÓN
campo de control 20200930011243.0
008 - DATOS DE LONGITUD FIJA--INFORMACIÓN GENERAL
campo de control de longitud fija 100901s2005 xxu r 000 | spa d
040 ## - FUENTE DE LA CATALOGACIÓN
Centro catalogador/agencia de origen DO-SdBNP
Lengua de catalogación spa
Centro/agencia transcriptor BNPHU
082 ## - NÚMERO DE LA CLASIFICACIÓN DECIMAL DEWEY
Número de clasificación 320.97291
Número de documento/Ítem R669c
049 ## - FONDOS LOCALES (OCLC)
Fondos de biblioteca BNGR
100 1# - ENTRADA PRINCIPAL--NOMBRE DE PERSONA
Nombre de persona Roca Antúnez, Vladimiro
Fechas asociadas al nombre 1942-
9 (RLIN) 44247
245 10 - MENCIÓN DE TÍTULO
Título ¡Cuba hoy! :
Resto del título una perspectiva /
Mención de responsabilidad, etc. Vladimiro Roca Antúnez; edición a cargo de José Rivero García.
260 ## - PUBLICACIÓN, DISTRIBUCIÓN, ETC.
Lugar de publicación, distribución, etc. Miami, (Estados Unidos) :
Nombre del editor, distribuidor, etc. Carta de Cuba,
Fecha de publicación, distribución, etc. 2005.
300 ## - DESCRIPCIÓN FÍSICA
Extensión 79 p. ;
Dimensiones 23 cm.
490 1# - MENCIÓN DE SERIE
Mención de serie Escritura de la Libertad
651 #4 - PUNTO DE ACCESO ADICIONAL DE MATERIA--NOMBRE GEOGRÁFICO
Nombre geográfico Cuba
Subdivisión general Política Y Gobierno
Subdivisión cronológica 1990
9 (RLIN) 44248
651 #4 - PUNTO DE ACCESO ADICIONAL DE MATERIA--NOMBRE GEOGRÁFICO
Nombre geográfico Cuba
Subdivisión general Vida Social Y Costumbres
9 (RLIN) 44249
651 #4 - PUNTO DE ACCESO ADICIONAL DE MATERIA--NOMBRE GEOGRÁFICO
Nombre geográfico Cuba
Subdivisión general Historia
Subdivisión cronológica 1990
9 (RLIN) 13872
700 1# - PUNTO DE ACCESO ADICIONAL--NOMBRE DE PERSONA
Nombre de persona Rivero García, José
Término indicativo de función/relación ed.
9 (RLIN) 44250
830 #0 - PUNTO DE ACCESO ADICIONAL DE SERIE-TÍTULO UNIFORME
Título uniforme Escritura de la Libertad
9 (RLIN) 44251
Holdings
Estado de retiro Estado de pérdida Restricciones de uso No para préstamo Código de colección Localización permanente Ubicación/localización actual Ubicación en estantería Fecha de adquisición Número de inventario Total de préstamos Signatura topográfica completa Código de barras Fecha visto por última vez Precio válido a partir de Tipo de ítem Koha Número de copia
        Monografías: Libros y Folletos General General En catalogación 01.09.2010 LF1   320.97291 R669c 21169-10 25.06.2020 25.06.2020 Préstamo en sala  
      Préstamo restrigido Monografías: Libros y Folletos General General En catalogación 26.01.2011 LF1   320.97291 R669c 21169-20 25.06.2020 25.06.2020 Préstamo en sala e.2

Powered by Koha